00966nam a22002535i 45000010009000000050017000090080041000260200018000670400013000850820017000982450128001152500012002432600033002553000012002886500019003006500018003196500019003377000026003569420007003829990019003899520098004089520103005069520103006092140855420250423104808.0200129s2020 pau 000 0 eng  a9780323673556 cPK-LaUMT a616.07bGOO-10aGoodman and Fuller's pathology :bimplications for the physical therapist /cedited by Catherine Goodman, and Kendra Fuller a5th ed. aSt. louis :bElsevier,c2021 a1771 p. aPathology9274 aImmune system aOncology954071 aFuller, Kendra,95406 cBK c137354d137354 00104070aHSCbHSCd2025-04-23l0o616.07 GOO-p149379r2025-04-23 10:47:06w2025-04-23yBK 00104070aHSCbHSCd2025-04-23l0o616.07 GOO-p149380r2025-04-23 10:47:06tC.2w2025-04-23yBK 00104070aHSCbHSCd2025-04-23l0o616.07 GOO-p149381r2025-04-23 10:47:06tC.3w2025-04-23yBK